Lucas lenz y la mano del emperador /

Lucas Lenz es un detective muy particular: se dedica a encontrar objetos perdidos para el Museo del Universo. Esta vez le tocará una misión muy difícil: encontrar la mano del emperador, que fue pasando a lo largo del tiempo de un buscador a otro. ¿Será capaz de vencer todos los obstáculos que se le...

Descripción completa

Guardado en:
Autor Principal: De Santis, Pablo
Otros Autores: Lucano, Mariano; il.
Formato: Libro
Publicado: Buenos Aires : Alfaguara, 2005.
Series:Azul
Materias:
Etiquetas: Agregar Etiqueta
Sin Etiquetas, Sea el primero en etiquetar este registro!
LEADER 01487nam a22003135a 4500
001 CEM.cems019071
008 220623s2005##################000#0#####d
005 20260617164708.0
245 1 0 |a Lucas lenz y la mano del emperador /  |c Pablo de Santis ; ilustrado Mariano Lucano. 
260 |a Buenos Aires :  |b Alfaguara,  |c 2005. 
300 |a 104 p. 
490 0 |a Azul 
500 |a Desde 12 años 
500 |a La continuación de "Lucas Lenz y el Museo del Universo". 
520 |a Lucas Lenz es un detective muy particular: se dedica a encontrar objetos perdidos para el Museo del Universo. Esta vez le tocará una misión muy difícil: encontrar la mano del emperador, que fue pasando a lo largo del tiempo de un buscador a otro. ¿Será capaz de vencer todos los obstáculos que se le presenten? ¿Descubrirá quién fue el último elegido para quedar en posesión de la misteriosa mano? 
020 |a 9870402437 
100 1 |a De Santis, Pablo 
700 1 |a Lucano, Mariano; il. 
082 0 4 |a A863.4 
653 |a Literatura 
653 |a Literatura juvenil 
653 |a Literatura argentina 
653 |a Novela 
653 |a Novela argentina 
653 |a Novela juvenil 
859 |a CEMS  |b BIB. CEMS - Inicial y Primaria  |h A863.4  |i D451-1  |k IP  |p 5591  |t Ej.1 
859 |a CEMS  |b BIB. CEMS - 11 de abril  |h A863.4  |i D451-11  |p 29044.20  |t Ej. 1 
859 |a CEMS  |b BIB. CEMS - 11 de abril  |h A863.4  |i D451-11  |p 29334.22  |t Ej. 2 
859 |a CEMS  |b BIB. CEMS - 11 de abril  |h A863.4  |i D451-11  |p 30816.26  |t Ej.3